000 00306nam a2200121Ia 4500
008 190802s9999 xx 000 0 und d
020 _a978-81-315-1706-2
100 _aMadura
245 0 _aInternational Corporate Finance
260 _aNew Delhi
_bCengage Learning
_c2010
300 _a709:p
942 _cBK
999 _c2270
_d2270